000 00941nam a22003017a 4500
001 BR9501214
003 BR-BrBNA
005 20230928094605.0
007 ta
008 230509b bl.||||| |||| 00| 0 por d
040 _aBR-BrBNA
_bpor
_cBiblioteca Nacional de Agricultura
041 _a(Por)
072 _aL02
_b5214
_b0336
090 _ 5214 BR9501214
100 1 _aFernandes, A.M.
110 1 _aEscola Superior de Agricultura de Lavras, MG (Brasil)
_0Tese (Mestre em Zootecnia)
245 1 _aUtilizacao da soja-grao crua, na alimentacao de vacas leiteiras de alta producao
260 3 _aLavras, MG (Brasil):
_c1994.
300 _a55 p.
500 _a12 tables; Summaries (Eng, Por); Bibliography p. 43-48 (64 ref.)
650 _aVaca Leiteira
650 _aSoja
650 _aProducao Leiteira
650 _aSuplemento Energetico
650 _aSuplemento Proteico
909 _a202309
_bLucia
_c55
_dLucia Elande
942 _cBK
999 _c51527
_d51527